Statistiken für Europa League Torschützenkönige

Klicken Sie hier um das Quiz zu spielen!

Allgemein

  • Dieses Quiz wurde 139 mal gespielt
    (51 seit der letzten Aktualisierung)
  • Das Durchschnittsergebnis liegt bei 14 aus 74

Antwortstatistiken

SaisonNationalitätVereinToreSpieler% Korrekt
2022/23EnglandManchester United6Marcus Rashford
79%
1997/98FrankreichAJ Auxerre7Stéphane Guivarc’h
72%
2019/20PortugalSporting Lissabon /
Manchester United
8Bruno Fernandes
70%
2016/17Bosnien und HerzegowinaAS Rom8Edin Džeko
70%
2017/18ItalienLazio Rom8Ciro Immobile
67%
2009/10PeruWerder Bremen9Claudio Pizarro
65%
2007/08ItalienFC Bayern München10Luca Toni
58%
2010/11KolumbienFC Porto17Falcao
56%
2011/12KolumbienAtlético Madrid12Falcao
56%
2018/19FrankreichFC Chelsea11Olivier Giroud
56%
2014/15BelgienFC Everton8Romelu Lukaku
53%
1972/73DeutschlandBorussia M'gladbach12Jupp Heynckes
44%
1974/75DeutschlandBorussia M'gladbach11Jupp Heynckes
44%
2022/23NigeriaRoyale Union Saint-Gilloise6Victor Boniface
40%
2020/21SpanienFC Villarreal7Gerard Moreno
37%
2000/01SpanienDeportivo Alavés6Javi Moreno
37%
2021/22EnglandGlasgow Rangers7James Tavernier
35%
1994/95DeutschlandBayer 04 Leverkusen10Ulf Kirsten
30%
2004/05EnglandNewcastle United11Alan Shearer
26%
1995/96DeutschlandFC Bayern München15Jürgen Klinsmann
26%
2015/16SpanienAthletic Bilbao10Aritz Aduriz
23%
2017/18SpanienAthletic Bilbao8Aritz Aduriz
23%
1990/91DeutschlandAS Rom10Rudi Völler
23%
1979/80DeutschlandFC Bayern München7Dieter Hoeneß
19%
1985/86Deutschland1. FC Köln9Klaus Allofs
19%
2008/09BrasilienZSKA Moskau11Vágner Love
16%
2020/21TürkeiOSC Lille7Yusuf Yazıcı
16%
1978/79DänemarkBorussia M'gladbach9Allan Simonsen
14%
2013/14SpanienFC Salzburg8Jonatan Soriano
14%
1993/94NiederlandeInter Mailand8Dennis Bergkamp
12%
2009/10ParaguayBenfica Lissabon9Óscar Cardozo
12%
1989/90DeutschlandWerder Bremen6Karl-Heinz Riedle
9%
1993/94DeutschlandKarlsruher SC8Edgar Schmitt
7%
1998/99ItalienAC Parma8Enrico Chiesa
7%
2005/06ArgentinienFC Basel7Matías Delgado
7%
1996/97ItalienInter Mailand8Maurizio Ganz
7%
2007/08RusslandZenit St. Petersburg10Pawel Pogrebnjak
7%
1982/83FrankreichGirondins Bordeaux7Alain Giresse
5%
2014/15BrasilienFC Salzburg8Alan
5%
1998/99SerbienReal Sociedad8Darko Kovačević
5%
1999/00SerbienJuventus Turin8Darko Kovačević
5%
2002/03BrasilienFC Porto12Derlei
5%
1989/90Deutschland1. FC Köln6Falko Götz
5%
1987/88UngarnHonvéd Budapest6Kálmán Kovács
5%
2001/02NiederlandeFeyenoord Rotterdam8Pierre van Hooijdonk
5%
2020/21PortugalBenfica Lissabon7Pizzi
5%
1983/84UngarnAustria Wien8Tibor Nyilasi
5%
1981/82SchwedenIFK Göteborg8Torbjörn Nilsson
5%
2020/21SpanienAS Rom7Borja Mayoral
2%
1991/92WalesFC Liverpool9Dean Saunders
2%
2000/01GriechenlandDeportivo Alavés
AEK Athen
6Demis Nikolaidis
2%
1987/88GriechenlandPanathinaikos Athen6Dimitrios Saravakos
2%
1982/83BelgienRSC Anderlecht7Erwin Vandenbergh
2%
1992/93FrankreichAJ Auxerre8Gérald Baticle
2%
1977/78NiederlandePSV Eindhoven8Gerrie Deijkers
2%
2016/17BrasilienZenit St. Petersburg8Giuliano
2%
2000/01SerbienFK Roter Stern Belgrad6Goran Drulić
2%
1979/80DeutschlandBorussia M'gladbach7Harald Nickel
2%
1972/73NiederlandeFC Twente Enschede12Jan Jeuring
2%
1986/87FinnlandIFK Göteborg5Jari Rantanen
2%
1980/81SchottlandIpswich Town14John Wark
2%
1984/85UngarnVideoton SC8József Szabó
2%
1987/88DänemarkFC Brügge6Kenneth Brylle
2%
1973/74NiederlandeFeyenoord Rotterdam9Lex Schoenmaker
2%
2012/13TschechienLazio Rom8Libor Kozák
2%
1971/72DeutschlandEintracht Braunschweig10Ludwig Bründl
2%
2000/01PolenLausanne-Sport6Marcin Kuźba
2%
1986/87BrasilienVitória Guimarães5Paulinho Cascavel
2%
1986/87NiederlandeFC Groningen5Peter Houtman
2%
1975/76NiederlandeAjax Amsterdam10Ruud Geels
2%
2003/04BrasilienFC Villarreal7Sonny Anderson
2%
1976/77EnglandQueens Park Rangers11Stan Bowles
2%
1988/89DeutschlandDynamo Dresden7Torsten Gütschow
2%
2006/07UruguayEspanyol Barcelona11Walter Pandiani
2%

Verteilung der Resultate

Perzentil nach korrekt beantworteten Fragen

Anzahl Personen mit jedem Resultat

Ihre Resultats-Entwicklung

Sie haben dieses Quiz seit der letzten Aktualisierung nicht gespielt